000 00914nam a2200193 i 4500
001 172808
003 ES-MaACL
005 20250801143434.0
008 090910s2007 sp |||| | spa d
245 0 0 _aLiteratura y libertad
_b: el compromiso del escritor : 1937-2007 : 70 aniversario del Congreso de Intelectuales en Defensa de la Cultura : Madrid, 17, 18, 19, 20 de septiembre, Ateneo de Madrid, Salón de Actos [Programa].
260 _aMadrid :
_bAsociación Colegial de Escritores de España,
_c[2007]
300 _a[16] p. ;
_c21 cm.
610 2 4 _aAteneo de Madrid-
_vConferencias-
_y2000-
_9168597
611 2 4 _aCongreso Internacional de Escritores para la Defensa de la Cultura (
_n2º.
_d1937.
_cValencia, etc.)
_9168600
650 7 _aLiteratura y política
_2embne
_914675
710 1 _aAsociación Colegial de Escritores de España.
_91522
852 _aES-MaACL
_j2300-F-21
999 _c172808
_d172808